000 01101nam a2200301Ia 4500
001 Para_9475
003 CHAP
008 220125s2008 xx 000 0 und d
010 _a208149
040 _cCHAP
090 _aTESIS 2187
100 _aRodríguez Méndez, Dulce María
_998704
245 _aEfectividad biológica del insecticida Peak plus contra el ácaro de dos manchas (Tetranychus urticae Koch) en el cultivo de frambuesa (Rubus ideaus L.), en Sayula, Jalisco, Méx. /
_c por Dulce María Rodríguez Méndez
260 _aChapingo, Méx. :
_b el autor
300 _a34 h.
502 _aTesis (Ing. Agr. Esp. en Parasitología Agrícola) -- UACh. Departamento Parasitología Agrícola
650 _aFrambuesa
_x plagas
_942888
650 _aInsecticidas biológicos
_958883
650 _aTetranychus urticae
_9112502
710 _aUACh. Departamento Parasitología Agrícola
_9164025
901 _aTESIS 2187
902 _aM
905 _a0000002008 amn 0000000000 00
910 _a2008
942 _cPARA
942 _cPARA
_d2
999 _c208149
_d208149